| 000 | 01161cam a2200313 i 4500 | ||
|---|---|---|---|
| 001 | 15072721 | ||
| 003 | EG-ScBUE | ||
| 005 | 20241030101025.0 | ||
| 008 | 071106t2007 njua f b 001 0 eng d | ||
| 020 | _a9789812706379 (hbk.) | ||
| 020 | _a9812706372 (hbk.) | ||
| 035 | _a(OCoLC)ocn141384790 | ||
| 040 |
_aCOO _beng _erda _cCOO _dYDX _dBAKER _dBTCTA _dMTG _dYDXCP _dDLC _dEG-ScBUE |
||
| 082 | 0 | 4 |
_a519.2 _222 _bBLO |
| 100 | 1 |
_aBlomker, Dirk. _eauthor. _94754 |
|
| 245 | 1 | 0 |
_aAmplitude equations for stochastic partial differential equations / _cDirk Blomker, RWTH Aachen, Germany. |
| 264 | 1 |
_aHackensack, NJ : _bWorld Scientific, _c[2007] |
|
| 264 | 4 | _cc2007 | |
| 300 |
_ax, 126 pages : _billustrations ; _c26 cm. |
||
| 336 |
_2rdacontent _atext _btxt |
||
| 337 |
_aunmediated _2rdamedia _bn |
||
| 338 |
_avolume _bnc _2rdacarrier |
||
| 490 | 0 |
_aInterdisciplinary mathematical sciences ; _vvol. 3 |
|
| 504 | _aIncludes bibliographical references and index. | ||
| 650 | 7 |
_aStochastic partial differential equations. _2BUEsh _94756 |
|
| 655 | _vReading book | ||
| 942 |
_2ddc _cBB |
||
| 999 |
_c11535 _d11535 |
||